000 00583nam a2200193 a 4500
001 000040790
005 20201002034400.0
008 130906s2007 sp 000 0 spa d
020 _a8478842594
040 _aDO-SdBNP
_bspa
_cBNPHU
082 _axxx
_bxxx
245 0 0 _aRelatos fantásticos latinoamericanos 1. /
_cEduardo Galeano... [et.al.].
250 _a7ma. ed.
260 _aMadrid, :
_bPopular,
_c[2007].
300 _a103 p. ;
_c20 cm.
490 1 _aLetra grande
500 _aLa biblioteca posee la edic. 2007 y una reimpresión del 2008
830 0 _aLetra grande
_927167
999 _c40280
_d40280